[Event "FRA-ch Prelim Gr-A"]
[Site "Besancon"]
[Date "1999.08.17"]
[Round "2"]
[White "Degraeve, Jean Marc"]
[Black "Apicella, Manuel"]
[Result "1/2-1/2"]
[WhiteElo "2542"]
[BlackElo "2501"]
[Annotator "Gofshtein,L"]
[PlyCount "90"]
[EventDate "1999.08.16"]
[EventType "tourn"]
[EventRounds "7"]
[EventCountry "FRA"]
[EventCategory "11"]
[SourceTitle "CBM 073"]
[Source "ChessBase"]
[SourceDate "1999.12.01"]
[SourceVersion "1"]
[SourceVersionDate "1999.12.01"]
[SourceQuality "1"]

1. e4 c5 2. Nf3 Nc6 3. d4 cxd4 4. Nxd4 Nf6 5. Nc3 d6 6. Bg5 e6 7. Qd2 a6 8.
O-O-O h6 9. Nxc6 {'!?} bxc6 10. Bf4 d5 11. Qe3 $5 (11. a3 Be7 12. Bd3 Bb7 13.
h4 Nd7 14. exd5 cxd5 15. g4 Bxh4 16. Kb1 Be7 17. g5 h5 18. g6 $44 {
Murrey-Martin  Manchester 1981}) 11... Bb4 {how show practice, another moves
also can' t decide  black' s problem} (11... Be7 12. Be2 Bb7 (12... O-O 13. h4
Ne8 14. Kb1 Nd6 15. Bd3 Re8 16. Qg3 Kh8 17. Be5 Bf8 18. Rhe1 a5 19. exd5 cxd5
20. Nxd5 {1-0 Shchekachev,A-Lopushnoy,D/Tomsk 1998/CBM 67 noVC (20)}) 13. Qg3
g6 14. Bc7 $1 Qc8 15. Bf3 O-O 16. Na4 Nd7 17. Kb1 a5 18. c4 $16 {
Shekachev-Pochikeev,1997 Smolensk}) 12. a3 $5 {both 12.a3 and 12.Be2 give
white good position} (12. Be2 $5 Bxc3 $6 (12... Qa5 $5) 13. Qxc3 Nxe4 14. Qxg7
Qf6 15. Qxf6 Nxf6 $16 {1-0 Sutovskij,E-Gershon,A/New York 1998/CBM 64/55})
12... Ba5 (12... Be7 {how shown under mentioned games after 12...Be7 black had
serios problem} 13. Be2 O-O (13... Nd7 14. h4 O-O (14... e5 15. Bxe5 $1 Nxe5
16. exd5 $16) 15. Qg3 $36 {1-0 Shchekachev,A-Lomineishvili,M/Smolensk 1997/CBM
58 ext (50)}) 14. Qg3 Kh8 15. Bc7 Qd7 16. Be5 $16 {0-1 Botvinnik,I-Greenfeld,A/
Rishon Le Zion 1997/CBM 62 ext (35)}) 13. Be2 O-O (13... Bb7 14. Qg3 Bxc3 15.
Qxc3 Nxe4 16. Qxg7 Qf6 17. Qxf6 Nxf6 18. Rd3 $16 Ne4 19. Rf1 $1 {Greenfeld.
A-Vydeslaver.A Israel 1998}) 14. e5 Bxc3 $146 {black try by mean of change
decide his problem,but does not reach succes} (14... Nd7 15. Qg3 Bc7 (15... Kh8
16. Qh3 $40) (15... Bxc3 16. Qxc3 $16) 16. Kb1 $1 Bb8 17. Rhe1 f5 18. Bh5 $16 {
Greenfed.A}) 15. Qxc3 Ne4 {[%cal Re4f2,Re4c3]} 16. Qe3 f6 17. f3 fxe5 18. Bxe5
Qg5 19. Qxg5 {after geen's change white has clear adwentage,but nevertheless,
probably, more dengerous for black look 19.f4 ,} (19. f4 Qe7 (19... Qg6 20. Bf3
c5 21. Bxe4 dxe4 22. Qxc5 $16) 20. Bf3 $16) 19... Nxg5 20. Rhe1 Bd7 21. Bd3 a5
22. Bf1 $6 {better look 22.f4} (22. h4 Nf7 23. Bd4 Rfc8) 22... Ra7 23. Rd4 $6 (
23. Bd6 $5 $16) 23... Nf7 24. Bg3 c5 {a few dubios moves lead to position, 
were chance of black grown for successful defence} 25. Rd2 c4 $6 {black make
weaker black sqwuare,and white get big advantage again} (25... Rc8 $5 $14) 26.
b3 cxb3 27. cxb3 Rb7 28. Kb2 $16 e5 $2 {mistake,that leads to losing position,
better 28...Ra8} 29. Rxd5 Rfb8 30. Bc4 $6 {simply 30.Re3 give decisive
adventage} (30. Re3 $1 Be6 31. Rxa5 Rxb3+ 32. Rxb3 Rxb3+ 33. Kc2 $18) 30... Be6
31. Bxe5 Bxd5 32. Bxd5 Re7 33. Bxb8 Rxe1 {after series force moves game led to
position, were white has more than sufficient compensation for exange ,
nevertheless realisate this adventage very diffucult,because rook of black
very active} 34. b4 (34. Bc7) 34... axb4 35. axb4 (35. a4 Kf8 36. a5 Re8 37.
Bc7 Re3 $11) 35... Kf8 36. g4 Ke7 37. b5 Nd6 38. b6 Re2+ 39. Kc3 Re1 40. Kb2
Re2+ 41. Kc3 Re1 42. Kd4 Rf1 43. Kc5 Rc1+ 44. Kd4 Rf1 45. Kc5 (45. f4 Rd1+ 46.
Kc5 Rc1+ 47. Kb4 Rb1+ 48. Bb3 Kd7 $11) 45... Rc1+ 1/2-1/2

[Event "Reggio Emilia 41th"]
[Site "Reggio Emilia "]
[Date "1999.01.03"]
[Round "7"]
[White "Tomescu, Vlad"]
[Black "Efimov, Igor"]
[Result "1/2-1/2"]
[WhiteElo "2425"]
[BlackElo "2530"]
[Annotator "Gofshtein,L"]
[PlyCount "100"]
[EventDate "1998.12.28"]
[EventType "tourn"]
[EventRounds "9"]
[EventCountry "ITA"]
[EventCategory "8"]
[SourceTitle "CBM 069"]
[Source "ChessBase"]
[SourceDate "1999.04.01"]
[SourceVersion "1"]
[SourceVersionDate "1999.04.01"]
[SourceQuality "1"]

1. e4 c5 2. Nf3 Nc6 3. d4 cxd4 4. Nxd4 Nf6 5. Nc3 d6 6. Bg5 e6 7. Qd2 a6 8.
O-O-O h6 9. Be3 Bd7 10. f3 Rc8 (10... Rb8 11. g4 b5 12. h4 b4 13. Nce2 Ne5 $132
{1/2-1/2 Oll,L-Karner,H/Tallinn 1987/EXT 97 (33)}) (10... Nxd4 $5 11. Bxd4 (11.
Qxd4 b5 12. Kb1 Rb8 13. g4 b4 14. Ne2 e5 15. Qd2 Be6 16. g5 $40 {1-0 Peng
Xiaomin-Wang Lei/Beijing 1997/CBM 61 (40)}) 11... b5 (11... Bc6 12. Kb1 b5 13.
Bd3 Be7 14. g4 b4 15. Ne2 e5 16. Be3 d5 17. Ng3 dxe4 18. fxe4 Nxg4 19. Bg1 g6
20. h3 Nf6 21. Be3 $36 {1-0 Bologan,V-Anka,E/FRA 1994/EXT 99 (30)}) 12. Kb1 b4
(12... Qa5 $5 {Baburin}) (12... Qa5 $5 {Baburin}) 13. Ne2 e5 14. Be3 Rb8 15. c4
$5 {1-0 Forster,R-Gallagher,J/Winterthur 1996/CBM 55/[Forster] (39)}) (10...
Qa5 11. Kb1 Be7 12. g4 Nxd4 13. Bxd4 e5 14. Be3 Be6 15. Qf2 Qc7 16. h4 b5 17.
Rg1 Qb7 18. g5 $40 {1-0 Gallagher,J-Landenbergue,C/Geneva 1997/EXT 98 (31)}) (
10... d5 11. exd5 exd5 12. g4 Bb4 13. a3 Ba5 14. Rg1 $40 {1-0 Luther,
T-Stabolewski,A/Hamburg 1993/EXT 97 (28)}) 11. g4 (11. Kb1 Be7 (11... b5 12. a3
Qc7 13. g4 Qb7 14. h4 Ne5 15. Be2 d5 16. g5 $36 {1-0 Nikolenko,O-Walek,M/
Pardubice 1995/EXT 97 (31)}) 12. g4 Nxd4 13. Bxd4 e5 14. Be3 Qa5 (14... Be6 15.
Nd5 Nxd5 16. exd5 Bd7 17. h4 h5 $132 {1/2-1/2 Milos,G-Ubilava,E/Elgoibar 1993/
EXT 99 (93)}) 15. h4 Be6 16. Nd5 Qxd2 17. Nxf6+ Bxf6 18. Rxd2 Rc6 $132 {
0-1 Makropoulou,M-Atalik,S/Komotini 1993/TD (43)}) (11. Qf2 Ne5 12. Nb3 Nc4 13.
Bxc4 Rxc4 14. Bb6 Qb8 15. Rhe1 Be7 16. Bd4 e5 17. Ba7 Qc8 $13 {1-0 Van
Riemsdijk,H-Gonzalez Garcia,J/Capablanca mem-B 1994/CBM 43 (40)}) 11... Qc7
$146 (11... Nxd4 12. Bxd4 e5 13. Be3 Qa5 (13... Be6 14. h4 Qa5 {1/2-1/2
Siklosi,Z-Robatsch,K/AUT-chT2S 9697 1996/EXT 99 (14)}) 14. Kb1 Be6 $132 {
1/2-1/2 Van der Wiel,J-Bologan,V/Tilburg 1992/CBM 32 (39)}) (11... Ne5 12. h4
g6 13. g5 Nh5 14. f4 Ng4 $132 {0-1 Stypka,M-Shishkin,V/Koszalin 1997/CBM 59
ext (61)}) 12. h4 b5 13. Bd3 $6 {[%cal Gg4g5,Yg5g6] this is typical  position
for this variation,white    attacks on the kingside and black has a
counterplay on the queenside.13.Rg1 instead 13.Bd3 looks more dangerous for
black.White has intention g4-g5-g6.} Ne5 14. g5 Nh5 {black tries to blocade
attack of white} 15. Kb1 hxg5 16. hxg5 g6 $5 {black is following with blocade
strategy.} 17. f4 Nc4 18. Bxc4 Qxc4 $132 {now black has good counterplay,
because white's attack is developing very slowly .} 19. e5 {[%csl Rd6][%cal
Re5d6]} (19. f5 $6 b4 20. fxe6 fxe6 21. Nce2 e5 22. b3 Qc7 23. Nf3 Qb7 $17)
19... d5 (19... dxe5 $2 20. Nb3 $1 {[%csl Rd7][%cal Rd2d7]} Rd8 (20... Qc6 21.
Na5 Qc7 22. Bb6 Qd6 23. Qxd6 Bxd6 24. Rxd6 $18) (20... Bc6 21. Na5 $18) (20...
Qc7 21. Bb6 Qb7 22. Na5 $18) 21. Bb6 Qxf4 22. Bxd8 $18) 20. Nce2 {[%csl Rg3]
[%cal Re2g3] with idea 21.Ng3} Rg8 21. Rdg1 (21. Qa5 Qa4 (21... b4 $6 22. b3
Qc7 23. Qxa6 $16) 22. Qxa4 bxa4 $11) 21... a5 $6 22. Ng3 {white trusted black.
22.Qxa5 was possible.} (22. Qxa5 $5 Bb4 23. Qa6 $6 (23. Qb6 $5 Bc5 24. Qa6 Bxd4
25. Nxd4 Nxf4 26. Rh2 $14) 23... Ke7 24. b3 Qc7 25. Rc1 Ra8 26. Nxb5 Bxb5 27.
Qxb5 Rgb8 28. Qd3 Qa5 $36 (28... Rxa2 $5 $36)) 22... Nxg3 23. Rxg3 a4 24. Rgh3
{[%csl Rh7,Rh8][%cal Rh1h8]} Bb4 25. c3 Ba5 26. Nc2 {white prevents
advancement b5-b4} Qe4 27. Qd4 Rf8 28. Rh8 Bd8 29. Qxe4 dxe4 30. Bd4 Be7 31. a3
Bc6 32. Kc1 Kd7 33. Rxf8 Rxf8 34. Rh7 Bd5 35. Kd2 Rc8 36. Ne3 (36. Rxf7 Rh8
$132) 36... Rf8 37. Ng4 Bb3 38. Ke3 Bc2 39. Nf2 Kc6 {white wins a pawn,but
can't win the game.} 40. Nxe4 Bxe4 41. Kxe4 Bc5 42. Rg7 Kb6 43. Rh7 Kc6 $11 44.
Rh1 Rd8 45. Rd1 Be7 46. Rc1 Bc5 47. Rc2 Rd7 48. Rd2 Rd8 49. Rd3 Be7 50. Be3
Rxd3 1/2-1/2

[Event "RUS-chT 06th"]
[Site "St Petersburg"]
[Date "1999.05.18"]
[Round "3"]
[White "Newerovski, Gennadi"]
[Black "Khasin, Alexander"]
[Result "1-0"]
[WhiteElo "2361"]
[BlackElo "2503"]
[Annotator "Gofshtein,L"]
[PlyCount "103"]
[EventDate "1999.05.16"]
[EventType "team-tourn"]
[EventRounds "9"]
[EventCountry "RUS"]
[SourceTitle "EXT 2020"]
[Source "ChessBase"]
[SourceDate "2019.10.17"]
[SourceVersion "1"]
[SourceVersionDate "2019.10.17"]
[SourceQuality "1"]
[WhiteTeam "Smolensk TsEM"]
[BlackTeam "Tomsk Siberia"]
[WhiteTeamCountry "RUS"]
[BlackTeamCountry "RUS"]

{[%mdl 16384] Tsesarsky} 1. e4 c5 2. Nf3 Nc6 3. d4 cxd4 4. Nxd4 Nf6 5. Nc3 d6
6. Bg5 e6 7. Qd2 a6 8. O-O-O h6 9. Be3 Be7 10. f3 Nxd4 11. Bxd4 b5 12. a3 $11 {
White do not wish to enter theoretical discussion with the indisputable
connoisseur of the theory of this variant.} (12. h4 Qa5) (12. Qe1 Qa5 13. a3 e5
14. Be3 Be6 15. Kb1 Rb8 16. Nd5 Qxe1 17. Nxf6+ Bxf6 18. Rxe1 O-O $11 {1/2-1/2
Zaichik,G-Ubilava,E/Kharkov 1985 (59)}) (12. Qe3 Bd7 13. e5 Ng4 14. Qe4 dxe5
15. Bg1 Nf6 {1/2-1/2 Tal Mihail-Dzindzichashvili,R/Manila Philippines (1.17)
1990 (15)}) (12. Bxf6 gxf6 13. Kb1 (13. Bd3 Qb6 14. Kb1 {1/2-1/2 Komliakov,
V-Kiselev,S/RUS Army-ch 1995 (14)}) (13. f4 Bb7 14. Bd3 Qb6 15. f5 b4 16. Ne2
$132 {1/2-1/2 Bashkov,V-Sherbakov,R/Warsaw Legion ,EXT 1991 (20)}) (13. Ne2 Qb6
14. Nf4 h5 15. g4 hxg4 16. fxg4 Bb7 17. Bg2 Rg8 18. h3 $132 {0-1 Tringov,
G-Yermolinsky,A/Forli ,EXT 1989 (52)}) 13... Bb7 14. Bd3 Qa5 (14... Qb6 15. f4
O-O-O 16. f5 Kb8 17. fxe6 fxe6 18. Rhf1 $14 {1-0 Enders,P-Wegener,D/Hamburg
Wichern ,EXT 1993 (37)}) 15. Qe1 Qb6 16. f4 O-O-O 17. f5 Kb8 18. Rf1 Qc5 19.
Ne2 Rdg8 20. g3 $14 {1-0 Fedorowicz,J-Nogueiras,J/Mexico 1991 (54)}) (12. Bd3
e5 13. Be3 Be6 14. Kb1 Rb8 15. Ne2 d5 $11 {1/2-1/2 Kindermann,S-Kortchnoi,V/
Garmisch-Partenkirchen 1994 (38)}) (12. g4) (12. Qf2) (12. Kb1 {Main line})
12... Rb8 (12... e5 13. Be3 Be6 14. g4 Rb8 $5 $132 (14... Rc8 15. h4 Qa5 16.
Kb1 Rxc3 17. Qxc3 Qxc3 18. bxc3 d5 19. exd5 (19. a4 bxa4 (19... dxe4 20. axb5
axb5 21. Bxb5+ Kf8 22. Bc6 exf3 23. g5 Ng4 24. Bc5 $1 Bxc5 25. Rd8+ Ke7 26.
Rxh8 hxg5 27. hxg5 f2 28. Rd1 {[%cal Gh8e8]} f5 29. Rb8 {[%cal Gb8b7]} Bd6 30.
Rb7+ Kf8 31. Bg2 Be7 32. g6 $16) 20. Bxa6 dxe4 21. Bb5+ Kf8 22. g5 Nd5 23. Rxd5
Bxd5 24. c4 Be6 $17 {0-1 Hartmann,G-Doncevic,D/BL 1985 (44)}) 19... Nxd5 20.
Bd2 Nb6 21. Bc1 Na4 22. Bb2 $14)) 13. g4 b4 14. axb4 Rxb4 15. h4 e5 16. Bf2 Qa5
17. Kb1 Qa3 (17... Be6 18. b3 Bxb3 (18... O-O 19. Na2 $16) 19. cxb3 Rxb3+ 20.
Kc2 Qb4 21. Rb1 Rxb1 22. Nxb1 Qa4+ 23. Kc1 O-O 24. Qc2 $16) 18. b3 Be6 19. Qc1
Qa5 (19... Qxc1+ 20. Kxc1 O-O 21. Bxa6 Ra8 22. Bd3 d5 (22... Nd7 23. Nd5 $1 (
23. Kb2 Rc8 24. Ra1 Nc5 25. Bxc5 dxc5 26. Nd5 Bxd5 27. exd5 c4 (27... e4 28.
Bxe4 Bf6+ 29. c3 c4 30. Ra3 Rxb3+ 31. Rxb3 cxb3 32. Rc1 Rb8 33. h5 $18) 28. Bf5
Rcb8 29. Ra7 Kf8 30. h5 cxb3 31. c3 R4b5 (31... Rf4 32. Be4 $14) 32. Rd1 Bc5
33. Ra6 Ke7 34. d6+ Kd8 35. Rc6 $14) 23... Bxd5 24. exd5 Nf6 25. Bc4 $16) 23.
exd5 Nxd5 24. Nxd5 Bxd5 25. Be2 $16) 20. Be1 $1 Qb6 (20... Bxb3 21. cxb3 Rxb3+
22. Kc2 Qb4 23. Qa1 $16) (20... Rb8 21. Nd5 $6 Qc5 22. Nxf6+ (22. Nxe7 $2 $17
Kxe7 23. Bh3 (23. Bxa6 Bxb3 $19) (23. Rh2 d5 24. g5 hxg5 25. Qxg5 Rh5 26. Qg3
dxe4 27. fxe4 Nxe4 28. Qxg7 Qa3 29. Rd3 Nc5 $19) (23. Bd2 d5 24. g5 (24. Be2
dxe4 25. g5 Nh5 (25... hxg5 26. hxg5 Nd5 27. Rxh8 Rxh8 28. fxe4 Nb4 $132) 26.
gxh6 exf3 27. hxg7 Nxg7 28. Bxf3 (28. Bxa6 Nf5 $17 (28... Bxb3 29. cxb3 Rxb3+
30. Ka2 $16)) 28... Bxb3 $19) 24... hxg5 25. Bxg5 d4 26. Be2 Rhc8 $17) 23...
Rhc8 24. g5 Bxb3 $3 25. gxf6+ gxf6 26. cxb3 (26. Bxc8 Bxc2+ 27. Ka1 Rb3 $1 $19)
26... Rxb3+ 27. Ka2 Qb5 $1 $19) 22... Bxf6 23. Qd2 Be7 24. Qa5 O-O 25. Qxc5
dxc5 $132) 21. Qa3 Rd4 $2 $16 (21... Bxb3 $1 22. Nd5 Nxd5 23. exd5 (23. Bxb4
Bxc2+ 24. Kxc2 Nxb4+ $19) 23... Rd4 24. Rxd4 Bc4+ $1 {Either this move or
incorrect estimation of positions in two following variants or at last 23
strong white move have dropped out of attention black.} 25. Qb2 (25. Qb4 Qxb4+
26. Bxb4 Bxf1 $44) 25... Qxb2+ 26. Kxb2 Bxf1 27. Rd2 Bb5 $44) (21... d5 $2 22.
exd5 Rd4 23. Qxa6 Qxa6 24. Bxa6 Rxd1+ 25. Nxd1 Bxd5 26. Bb5+ Kd8 27. Rf1 $16)
22. Rxd4 exd4 (22... Qxd4 23. Qxa6 O-O 24. Qd3 $16 (24. g5 hxg5 25. hxg5 Nh7
26. Qe2 {[%cal Ge2h2]} Nxg5 (26... Bxg5 27. Nb5 Qc5 28. Qh2 Bh6 29. Bd2 $18)
27. Nb5 Qb6 28. Qh2 f5 29. Bf2 $14)) 23. Bf2 $1 O-O (23... Nd7 24. Nd5 Bxd5 25.
exd5 O-O 26. Qxa6 $16) (23... Bd7 24. Na4 Qa5 25. Qa1 O-O 26. g5 hxg5 27. hxg5
Qxg5 28. Qxd4 $16) 24. Qa4 Nd7 25. Qxd4 Qa5 (25... Qxd4 26. Bxd4 $18) 26. Nd5
Bd8 $2 $18 (26... Bxd5 $1 $16 27. Qxd5 Qxd5 (27... Qc3 28. Qd3 $16) 28. exd5 f5
$5 (28... a5 29. Bb5 Nc5 (29... Ne5 30. Re1 f5 31. Bg3 Bf6 $1 (31... fxg4 32.
fxg4 Rf3 33. Bxe5 dxe5 34. Rxe5 Bf6 (34... Bxh4 35. d6 $18) 35. Re8+ Kf7 36.
Ra8 $18) (31... Bxh4 32. Bxh4 Nxf3 33. Rh1 fxg4 34. Bg3 $18 (34. Be7 $2 g3 $1
35. Bxf8 g2 36. Rg1 Nxg1 37. Bxd6 Ne2 38. Bc5 Nc3+ 39. Kb2 Nxb5 40. c4 Nd6 $17)
) 32. Be2 f4 33. Bf2 Re8 $16) 30. Re1 Bf6 31. Bg3 Rd8 32. h5 $18) 29. gxf5 Rxf5
30. Bxa6 Rxf3 31. Rf1 $16) 27. Be2 Ne5 (27... Qa3 28. g5 hxg5 29. hxg5 Bxg5 30.
Rg1 f6 31. Bc4 Kh7 32. Rh1+ Bh6 33. Be3 $18) 28. Rd1 (28. g5 $1 Nc6 (28... hxg5
29. hxg5 Bxg5 (29... Nc6 30. Qd1 Bxg5 31. Rh5 f6 32. f4 $18) 30. f4 Nc6 (30...
Bxd5 31. exd5 Nf3 32. Qd3 (32. Bxf3 Bf6 33. Be1 Qxe1+ 34. Rxe1 Bxd4 $11) 32...
Nd2+ 33. Kb2 Bf6+ 34. Bd4 Bxd4+ 35. Qxd4 Rc8 36. Ra1 $18) 31. fxg5 $1 $18) 29.
Qd1 hxg5 30. hxg5 Bxg5 31. Rh5 $18) 28... Re8 29. Qc3 (29. Be1 $18) (29. Nf4 $2
Bf6 30. Be1 $16) 29... Qa3 (29... Qxc3 30. Nxc3 $18) 30. Qa1 Qxa1+ 31. Kxa1 a5
(31... Kf8 32. Kb2 $18) 32. Kb2 Bd7 33. Kb1 (33. Nb6 Bf6 34. Nxd7 Nxd7+ 35. Kb1
$18) 33... Ng6 34. h5 Ne5 35. Nb6 Be6 36. Rxd6 Be7 37. Rd1 Rb8 38. Na4 (38. Nd5
$18) 38... g6 39. Bg3 f6 40. hxg6 Kg7 41. f4 Bxg4 42. Bxg4 (42. fxe5 Bxe2 43.
Rd2 $18 {[%csl Rb8,Re2][%cal Ge5f6]}) 42... Nxg4 43. f5 Rd8 44. Rxd8 Bxd8 45.
Nc5 Bb6 46. Ne6+ Kg8 47. c4 Bf2 48. Bxf2 Nxf2 49. c5 Nxe4 50. Kc2 h5 51. Kd3
Ng3 52. Nd4 1-0

[Event "RUS-ch51"]
[Site "St Petersburg"]
[Date "1998.07.31"]
[Round "4"]
[White "Dolmatov, Sergey"]
[Black "Poluljahov, Aleksandr"]
[Result "1-0"]
[WhiteElo "2575"]
[BlackElo "2530"]
[Annotator "Gofshtein,L"]
[PlyCount "79"]
[EventDate "1998.07.28"]
[EventType "swiss"]
[EventRounds "11"]
[EventCountry "RUS"]
[SourceTitle "CBM 067"]
[Source "ChessBase"]
[SourceDate "1998.11.30"]
[SourceVersion "2"]
[SourceVersionDate "1998.11.01"]
[SourceQuality "1"]

1. e4 c5 2. Nf3 d6 3. d4 cxd4 4. Nxd4 Nf6 5. Nc3 Nc6 6. Bg5 e6 7. Qd2 a6 8.
O-O-O Nxd4 9. Qxd4 Be7 10. f4 b5 11. Bxf6 gxf6 12. f5 Qc7 (12... Qa5 13. Kb1
Bb7 14. Bd3 b4 15. Ne2 e5 16. Qf2 Qc5 17. Rhf1 Qxf2 18. Rxf2 Bd8 19. Ng3 Bb6
20. Re2 Rc8 $11 {Tiviakov-Gelfand,Elista 1998}) 13. Be2 h5 14. fxe6 fxe6 15.
Bf3 Bb7 (15... Bd7 16. Qd2 (16. e5 $6 fxe5 17. Qe4 Rc8 18. Bxh5+ Rxh5 19. Qg6+
Kd8 20. Qxh5 b4) 16... O-O-O 17. Ne2 $14) 16. Kb1 Qc5 (16... O-O-O 17. a4 $14)
17. Qd3 (17. Qxc5 dxc5 $6) 17... O-O-O 18. Ne2 Qe5 (18... Kb8 19. Nf4 $16) 19.
Nd4 Kd7 (19... h4 20. Qb3 $16) 20. Rhe1 Rc8 21. g3 $1 Rc4 22. Bg2 Kc7 23. Bh3
Bc8 24. Nf3 (24. b3 $142 $1 Rc5 (24... Rxd4 25. Qxd4 Qxd4 26. Rxd4 e5 27. Bxc8
exd4 28. Be6 $16) 25. Re3 h4 $8 (25... b4 26. Nf3 Qc3 27. Qe2 $18) 26. Nf3 $16)
24... Qc5 25. c3 h4 (25... Bd7 $2 26. Nd2 Ra4 27. b3 Ra3 28. Kb2 b4 29. Nc4 Bb5
30. cxb4 Qxb4 31. Qd2 Ra4 32. Qxb4 Rxb4 33. a3 $18) 26. gxh4 $1 $18 (26. Nxh4
f5 27. exf5 Bxh4 28. gxh4 Rcxh4 29. Bf1 $14) 26... Qh5 27. Nd4 Qf7 (27... Qe5
28. Qg3 $16) 28. Qe3 Rxh4 29. Bf1 Rc5 30. Nb3 Re5 (30... Rc6 31. Qa7+ Bb7 32.
Na5 $18) 31. Qa7+ Kd8 32. Rd2 Ke8 (32... Rhxe4 33. Rxe4 Rxe4 34. Qb6+ Kd7 35.
Nc5+ $18) 33. Rc2 Bd7 $6 (33... Bd8 $142 $16) 34. Rd1 Bd8 35. Rxd6 $18 Rh7 36.
Nc5 Rxc5 37. Qxc5 Qg6 38. Qd4 e5 39. Qd3 Qg4 40. Rxa6 1-0

[Event "RUS-Cup07"]
[Site "Tomsk"]
[Date "1998.07.21"]
[Round "7"]
[White "Shchekachev, Andrei"]
[Black "Lopushnoy, Denis"]
[Result "1-0"]
[WhiteElo "2565"]
[BlackElo "2390"]
[Annotator "Gofshtein,L"]
[PlyCount "39"]
[EventDate "1998.07.15"]
[EventType "swiss"]
[EventRounds "9"]
[EventCountry "RUS"]
[SourceTitle "CBM 067"]
[Source "ChessBase"]
[SourceDate "1998.11.30"]
[SourceVersion "2"]
[SourceVersionDate "1998.11.01"]
[SourceQuality "1"]

1. e4 c5 2. Nf3 Nc6 3. d4 cxd4 4. Nxd4 Nf6 5. Nc3 d6 6. Bg5 e6 7. Qd2 a6 8.
O-O-O h6 9. Nxc6 $5 {Murrey} bxc6 10. Bf4 d5 11. Qe3 Be7 (11... Bb4 12. a3 Be7
(12... Ba5 13. Be2 O-O (13... Bb7 14. Qg3 Bxc3 15. Qxc3 Nxe4 16. Qxg7 Qf6 17.
Qxf6 Nxf6 18. Rd3 $16 {Grinfeld.A-Bideslaver.A,Israel 1998}) 14. e5 Nd7 15. Qg3
Kh8 $146 (15... Bc7 $6 16. Kb1 Bb8 17. Rhe1 f5 18. Bh5 $16) 16. Qh3 Kg8 17. Qg3
Kh8 $11 {Botvinnik-Avrukh,Israel 1998}) 13. Be2 O-O (13... Nd7 14. h4 O-O 15.
Qg3 Kh8 16. Bc7 Qe8 17. Rhe1 Ra7 18. Bf3 d4 19. Rxd4 e5 20. Rxd7 Bxd7 21. Bxe5
$16 {Shchekachev-Lominachvili,Russia 1997}) 14. Qg3 Kh8 15. Bc7 $1 Qd7 16. Be5
Qb7 17. exd5 cxd5 18. Rd4 $1 Ne8 19. Bd3 Bf6 20. Re1 Bd7 21. Rb4 $16 {
Botvinnik.I-Grinfeld.A,Israel 1997}) 12. Be2 O-O (12... Bb7 13. Qg3 g6 14. Bc7
Qc8 15. Bf3 O-O 16. Na4 Nd7 17. Kb1 a5 18. c4 dxc4 19. Bd6 $16 {
Shchekachev-Poshikeev,Russia 1997}) 13. h4 Ne8 $6 $146 (13... Re8 14. Qg3 Kh8
15. Bc7 Qd7 16. Be5 Ra7 17. f4 Rg8 18. Qf2 Bb4 19. Bf3 Qe7 20. Rhe1 Rd7 21.
exd5 cxd5 22. g4 $16 {Botvinnik.I-Kaz,Israel 1997}) (13... Bb4 14. e5 Bxc3 15.
Qxc3 Ne4 16. Qe3 f6 17. f3 fxe5 18. Bxe5 Nf6 19. g4 Qe7 20. g5 Nd7 21. f4 Nxe5
22. fxe5 Qa7 23. Qd3 $16 {Gofstein-Hasin,Israel 1997}) 14. Kb1 (14. g4 $6 Bxh4
15. Bxh6 gxh6 16. Qxh6 Bg5+) 14... Nd6 (14... f6 15. exd5 cxd5 16. Bf3 Bd7 17.
Nxd5 exd5 18. Bxd5+ Kh8 19. Bxa8 $18) (14... Bf6 15. e5 Be7 16. Rh3 $36) (14...
Nc7 15. Qg3 $40) 15. Bd3 Re8 (15... f6 16. Qg3 Kh8 17. e5 $40) 16. Qg3 Kh8 17.
Be5 Bf8 (17... f6 18. Qg6 $1 fxe5 19. exd5 Nf5 (19... e4 20. Nxe4 cxd5 21. Ng5
$18) 20. dxe6 $18) 18. Rhe1 a5 $4 (18... Bb7 $142 $16) 19. exd5 cxd5 (19...
exd5 20. Bxd6 Rxe1 21. Rxe1 Bxd6 22. Qxd6 Qxd6 23. Re8+) 20. Nxd5 1-0